| 000 | 01083cam a2200325 a 4500 | ||
|---|---|---|---|
| 001 | 430 | ||
| 003 | BD-RjUL | ||
| 005 | 20211208233157.0 | ||
| 008 | 830131r19861983nyua bf 001 0 eng d | ||
| 020 | _a0824206894 : | ||
| 035 | _a(BD-RjUL)447 | ||
| 040 |
_aDLC _cDLC _dDLC _dBD-RjUL _beng |
||
| 041 | _aeng | ||
| 082 | 0 | 0 |
_a025.3 _219 _bMIC 1986 |
| 100 | 1 |
_aMiller, Rosalind E. _91337 |
|
| 245 | 1 | 0 |
_aCommonsense cataloging : _ba cataloger's manual / _cRosalind E. Miller and Jane C. Terwillegar. |
| 250 | _a3rd ed. | ||
| 260 |
_aNew York : _bH.W. Wilson, _cc1983 [Printing 1986] |
||
| 300 |
_ax, 166 p. : _bill. ; _c27 cm. |
||
| 500 | _aRev. ed. of: Commonsense cataloging / Esther J. Piercy. 2nd. ed. 1974. | ||
| 500 | _aIncludes index. | ||
| 504 | _aBibliography: p. 151-153. | ||
| 526 | _bInformation Science and Library Management | ||
| 650 | 0 |
_aCataloging _xHandbooks, manuals, etc. _91338 |
|
| 700 | 1 |
_aTerwillegar, Jane C. _91339 |
|
| 700 | 1 |
_aPiercy, Esther J. _tCommonsense cataloging. _91340 |
|
| 942 |
_2ddc _cBK |
||
| 999 |
_c430 _d430 |
||